[Event "Vivy master tournament"]

[Site "Vivy"]

[Date "1987.12.??"]

[Round "1"]

[White "Geenen, Marc"]

[Black "Apicella, Manuel"]

[Result "1/2-1/2"]


[WhiteElo "2295"]

[BlackElo "2295"]

[PlyCount "48"]



1. e4 e6 2. d4 d5 3. Nc3 Bb4 4. e5 Ne7 5. Nf3 c5 6. dxc5 Bd7 7. Bd3 a6 8. Be3
Nbc6 9. a3 Bxc3+ 10. bxc3 Ng6 11. Bxg6 hxg6 12. O-O Qc7 13. Bd4 Rh5 14. Qd2
O-O-O 15. Qf4 Rf8 16. Rfe1 Be8 17. Qg3 Rfh8 18. h3 Ne7 19. Rab1 Nf5 20. Qg4 Bc6
21. Rb6 Qe7 22. Reb1 Kc7 23. Be3 a5 24. Qa4 Bxa4 1/2-1/2

[Event "Vivy master tournament"]

[Site "Vivy"]
[Source "Tournament booklet"]
[Date "1987.12.??"]

[Round "1"]

[White "Boutquin, Pierre"]

[Black "Lautier, Joël"]

[Result "1/2-1/2"]


[WhiteElo "2175"]

[BlackElo "2290"]

[BlackTitle "FM"]
[PlyCount "81"]



1. d4 Nf6 2. c4 e6 3. g3 c5 4. d5 exd5 5. cxd5 d6 6. Bg2 g6 7. Nc3 Bg7 8. Nf3
O-O 9. O-O a6 10. a4 Nbd7 11. h3 Rb8 12. Bf4 Qe7 13. e4 b5 14. axb5 axb5 15.
Ra7 Ne8 16. Re1 f6 17. Bf1 b4 18. Nb5 Rb7 19. Rxb7 Bxb7 20. Nd2 Ne5 21. Nc4 Ba6
22. Be3 Nxc4 23. Bxc4 Qd7 24. Qe2 Qxh3 25. Nxd6 Nxd6 26. Bxa6 Nxe4 27. Bf4 f5
28. d6 Bd4 29. Be3 Bf6 30. Bd3 Nxd6 31. Bxc5 Re8 32. Qd2 Ne4 33. Bxe4 fxe4 34.
Bxb4 Qe6 35. Bc3 Bxc3 36. Qxc3 Qd5 37. Re3 Rd8 38. Qb3 Qxb3 39. Rxb3 Rd1+ 40.
Kg2 Rd7 41. Re3 1/2-1/2

[Event "Vivy master tournament"]

[Site "Vivy"]
[Source "Tournament booklet"]
[Date "1987.12.??"]

[Round "1"]

[White "Bolzoni, Victor-Angel"]

[Black "Portisch, Ferenc"]

[Result "1/2-1/2"]


[WhiteElo "2262"]

[BlackElo "2445"]

[BlackTitle "IM"]
[PlyCount "110"]



1. e4 e6 2. d4 d5 3. Nc3 Bb4 4. Nge2 dxe4 5. a3 Be7 6. Nxe4 Nf6 7. Qd3 b6 8.
Bf4 Nbd7 9. Nxf6+ Nxf6 10. Qg3 c6 11. Be5 O-O 12. Nf4 Ne8 13. Bd3 f6 14. Qh4 f5
15. Qg3 Bf6 16. Bc4 Bxe5 17. Nxe6 Bxg3 18. Nxd8+ Kh8 19. Nf7+ Rxf7 20. Bxf7 Nd6
21. hxg3 Nxf7 22. O-O-O Be6 23. Rhe1 Bd5 24. Re7 Kg8 25. Rde1 g5 26. f3 g4 27.
R1e3 Kg7 28. b3 b5 29. Kd2 Kf6 30. Kd3 Be4+ 31. R7xe4 fxe4+ 32. fxe4 Rd8 33.
Re2 c5 34. Rf2+ Kg6 35. c3 c4+ 36. Ke3 cxb3 37. Rb2 Nd6 38. Rxb3 a6 39. Kd3 Nb7
40. Rb4 Nc5+ 41. Ke3 Na4 42. c4 Rb8 43. cxb5 axb5 44. Kd3 h5 45. d5 Rc8 46. Kd4
Rc2 47. Rxb5 Rxg2 48. d6 Rd2+ 49. Ke5 Nc3 50. Rb6 Kg5 51. Rc6 Rd3 52. Rc5 Kg6
53. Rc6 Kg5 54. Rc5 Kg6 55. Rc6 Kg5 1/2-1/2

[Event "Vivy master tournament"]

[Site "Vivy"]
[Source "Tournament booklet"]
[Date "1987.12.??"]

[Round "1"]

[White "Hergott, Deen"]

[Black "Sinkovics, Péter"]

[Result "1-0"]


[WhiteElo "2305"]

[BlackElo "2345"]

[BlackTitle "IM"]
[PlyCount "105"]



1. d4 Nf6 2. Nf3 e6 3. g3 c5 4. Bg2 Nc6 5. O-O d5 6. c4 dxc4 7. Qa4 cxd4 8.
Nxd4 Qxd4 9. Bxc6+ Bd7 10. Rd1 Qxd1+ 11. Qxd1 Bxc6 12. Nd2 c3 13. bxc3 Bc5 14.
Nb3 Rd8 15. Qe1 Bb6 16. Nd4 Bxd4 17. cxd4 Rxd4 18. Ba3 Kd7 19. Bb2 Rd5 20. e4
Rb5 21. Rd1+ Kc8 22. Bxf6 gxf6 23. Qc3 e5 24. Rd6 Kb8 25. Qd3 a5 26. a4 Rc5 27.
Rxf6 Ka8 28. Qe3 Rc4 29. Qb6 Re8 30. Qxa5+ Kb8 31. Qb6 Bxe4 32. f3 Rc6 33. Rxc6
Bxc6 34. Qb3 Re6 35. a5 Ka8 36. Qd3 e4 37. Qd8+ Ka7 38. Qb6+ Kb8 39. Qd8+ Ka7
40. Qd4+ Kb8 41. fxe4 Bxe4 42. h4 Bg6 43. g4 Re4 44. Qd7 Ka7 45. h5 f5 46. gxf5
Rg4+ 47. Kh2 Rh4+ 48. Kg3 Rxh5 49. Qd4+ Ka8 50. Qd8+ Ka7 51. fxg6 hxg6 52. Qb6+
Ka8 53. a6 1-0

[Event "Vivy master tournament"]

[Site "Vivy"]
[Source "Tournament booklet"]
[Date "1987.12.??"]

[Round "1"]

[White "Pirisi, Gábor"]

[Black "Belkhodja, Slim"]

[Result "1-0"]


[WhiteElo "2365"]

[WhiteTitle "IM"]
[BlackElo "2375"]
[BlackTitle "FM"]

[PlyCount "81"]



1. e4 c5 2. Nf3 e6 3. d4 cxd4 4. Nxd4 Nc6 5. Nb5 d6 6. c4 Nf6 7. N1c3 a6 8. Na3
Be7 9. Be2 O-O 10. O-O b6 11. Be3 Ne5 12. f3 Bb7 13. Qb3 Ned7 14. Rfd1 Qc7 15.
Rac1 Rac8 16. Kh1 Rfe8 17. Nab1 Bf8 18. Bf1 Qb8 19. Bf2 Bc6 20. a4 Qa8 21. Qa2
Red8 22. Na3 Bb7 23. Nc2 g6 24. Bg3 Qb8 25. Ne3 Ne5 26. b3 Bh6 27. Qe2 Nh5 28.
Bh4 Re8 29. Qf2 Qc7 30. Qg1 f5 31. exf5 gxf5 32. Ne2 Kf7 33. Qf2 Rg8 34. Rc2
Qc5 35. Nd4 Ng6 36. Re2 Rce8 37. Qe1 Ngf4 38. Nexf5 Bg7 39. Re3 Bc8 40. Ng3 Bh6
41. Ne4 1-0

[Event "Vivy master tournament"]

[Site "Vivy"]

[Date "1987.12.??"]

[Round "2"]

[White "Apicella, Manuel"]

[Black "Boutquin, Pierre"]

[Result "1/2-1/2"]


[WhiteElo "2295"]

[BlackElo "2175"]

[PlyCount "37"]



1. e4 e6 2. d4 d5 3. Nc3 Bb4 4. e5 c5 5. a3 Bxc3+ 6. bxc3 Ne7 7. Nf3 Bd7 8. a4
Qa5 9. Qd2 Nbc6 10. Bd3 cxd4 11. cxd4 Qxd2+ 12. Bxd2 Rc8 13. O-O Nf5 14. Bxf5
exf5 15. a5 Nd8 16. Ra2 Bb5 17. Rb1 a6 18. Bb4 Ne6 19. Re1 1/2-1/2

[Event "Vivy master tournament"]

[Site "Vivy"]
[Source "Tournament booklet"]
[Date "1987.12.??"]

[Round "2"]

[White "Lautier, Joël"]

[Black "Hergott, Deen"]
[Result "1-0"]


[WhiteElo "2290"]

[WhiteTitle "FM"]
[BlackElo "2305"]


[PlyCount "73"]



1. d4 g6 2. c4 Bg7 3. e4 d6 4. Nc3 e5 5. Nf3 Nd7 6. Be2 Nh6 7. h4 c6 8. h5 Qe7
9. d5 c5 10. Bd2 f5 11. Ng5 Nf6 12. hxg6 hxg6 13. Qa4+ Bd7 14. Qb3 O-O-O 15.
Nb5 Nxe4 16. Nxa7+ Kb8 17. Nxe4 fxe4 18. Nc6+ Bxc6 19. dxc6 Nf5 20. Rxh8 Rxh8
21. Ba5 Rh1+ 22. Bf1 Nd4 23. c7+ Kc8 24. Qa4 e3 25. O-O-O e2 26. Bxe2 Nxe2+ 27.
Kd2 Qg5+ 28. Kxe2 Qg4+ 29. Kd2 Qd4+ 30. Ke2 Qe4+ 31. Kd2 Qd4+ 32. Ke2 Qg4+ 33.
Kd2 Rxd1+ 34. Qxd1 Bh6+ 35. Ke1 Qe4+ 36. Qe2 Qb1+ 37. Qd1 {White won on time.}
1-0

[Event "Vivy master tournament"]

[Site "Vivy"]
[Source "Tournament booklet"]
[Date "1987.12.??"]

[Round "2"]

[White "Portisch, Ferenc"]

[Black "Geenen, Marc"]

[Result "1-0"]


[WhiteElo "2445"]

[WhiteTitle "IM"]
[BlackElo "2295"]

[PlyCount "69"]



1. d4 d5 2. c4 Nc6 3. Nf3 Bg4 4. cxd5 Bxf3 5. gxf3 Qxd5 6. e3 e5 7. Nc3 Bb4 8.
Bd2 Bxc3 9. bxc3 Qd6 10. Rg1 g6 11. Qb3 O-O-O 12. Qxf7 exd4 13. cxd4 Nh6 14.
Qc4 Qxh2 15. Rg2 Qh5 16. f4 Rhe8 17. Rg5 Qf3 18. d5 Re4 19. Qc5 Nd4 20. Rc1 c6
21. Qxa7 Ng4 22. Rxg4 Qxg4 23. Rxc6+ Nxc6 24. dxc6 Rb4 25. cxb7+ Rxb7 26. Qa8+
Kc7 27. Ba5+ Kc6 28. Qa6+ Kc5 29. Qc4+ Kd6 30. Qd3+ Ke6 31. Bxd8 Rd7 32. Qc4+
Kd6 33. Qa6+ Kd5 34. Bc4+ Kc5 35. Qb5+ 1-0

[Event "Vivy master tournament"]

[Site "Vivy"]

[Date "1987.12.??"]

[Round "2"]

[White "Belkhodja, Slim"]

[Black "Sinkovics, Péter"]

[Result "0-1"]


[WhiteElo "2375"]

[WhiteTitle "FM"]
[BlackElo "2345"]
[BlackTitle "IM"]

[PlyCount "126"]



1. e4 e6 2. d3 d5 3. Nd2 Nf6 4. Ngf3 Nc6 5. g3 Bc5 6. e5 Ng4 7. d4 Nxd4 8. Nxd4
Nxf2 9. Kxf2 Bxd4+ 10. Kg2 Bxe5 11. Nf3 Bf6 12. Bd3 e5 13. Nxe5 Bxe5 14. Re1 f6
15. Qh5+ Kd7 16. Rxe5 fxe5 17. Qxe5 Qe7 18. Qxd5+ Ke8 19. Bg5 Be6 20. Qxb7 Qxg5
21. Qxa8+ Kd7 22. Qf3 Bd5 23. Be4 Qd2+ 24. Kh1 Bxe4 25. Qxe4 Re8 26. Qa4+ Kd6
27. Rb1 Re1+ 28. Rxe1 Qxe1+ 29. Kg2 Qd2+ 30. Kh3 Qh6+ 31. Qh4 Qe6+ 32. g4 Qxa2
33. Qd8+ Kc6 34. Qe8+ Kb6 35. Qe3+ c5 36. Qe5 Qf7 37. Qd6+ Kb5 38. Qd3+ c4 39.
Qd4 Qf3+ 40. Kh4 Qf6+ 41. Qxf6 gxf6 42. Kg3 Kc5 43. Kf4 Kd4 44. h4 a5 45. h5 a4
46. c3+ Kd3 47. Kf5 Kc2 48. Kxf6 Kxb2 49. g5 a3 50. g6 hxg6 51. hxg6 a2 52. g7
a1=Q 53. g8=Q Qf1+ 54. Ke5 Qd3 55. Qb8+ Kxc3 56. Qb6 Kc2 57. Kf6 Qf3+ 58. Kg7
Qg3+ 59. Kf8 Qg2 60. Qb4 Qf3+ 61. Kg8 c3 62. Kh7 Kd3 63. Qa3 Qb7+ 0-1

[Event "Vivy master tournament"]

[Site "Vivy"]
[Source "Tournament booklet"]
[Date "1987.12.??"]

[Round "2"]

[White "Pirisi, Gábor"]

[Black "Bolzoni, Victor-Angel"]

[Result "1-0"]


[WhiteElo "2365"]
[WhiteTitle "IM"]

[BlackElo "2262"]

[PlyCount "71"]



1. e4 c5 2. Nf3 e6 3. d4 cxd4 4. Nxd4 Nc6 5. Nb5 d6 6. Bf4 e5 7. Be3 Nf6 8.
N1c3 a6 9. Na3 b5 10. Nd5 Rb8 11. Bd3 Be6 12. Nxf6+ Qxf6 13. O-O Be7 14. c4 b4
15. Nc2 O-O 16. b3 a5 17. Be2 Rfc8 18. Re1 h6 19. Qd3 Qg6 20. Rad1 f5 21. exf5
Bxf5 22. Qd5+ Qf7 23. Qxf7+ Kxf7 24. Bd3 Be6 25. Be4 Rc7 26. h3 Bf8 27. Rd3 g5
28. Red1 a4 29. Bd2 axb3 30. axb3 Kg7 31. Ra1 Bd7 32. Ra6 Nd8 33. Bxb4 Ne6 34.
Raxd6 Bxd6 35. Bxd6 Rbb7 36. Bxe5+ 1-0

[Event "Vivy master tournament"]

[Site "Vivy"]

[Date "1987.12.??"]

[Round "3"]

[White "Boutquin, Pierre"]

[Black "Portisch, Ferenc"]

[Result "0-1"]


[WhiteElo "2175"]

[BlackElo "2445"]

[BlackTitle "IM"]
[PlyCount "68"]

1. e4 e6 
2. d4 d5 3. Nc3 Bb4 4. exd5 exd5 5. Bd3 Nc6 6. a3 Be7 7. Be3 Bf6 8. Nf3 Nge7 9.
O-O Bg4 10. Be2 h6 11. h3 Bf5 12. Re1 O-O 13. Bf4 Ng6 14. Bg3 Re8 15. Qd2 Be4
16. Bb5 Bxf3 17. Bxc6 bxc6 18. gxf3 Qd7 19. Kg2 Qf5 20. Rxe8+ Rxe8 21. Re1 Rxe1
22. Qxe1 Qxc2 23. Qe8+ Kh7 24. Qxc6 Nh4+ 25. Bxh4 Bxh4 26. Qxd5 Qxf2+ 27. Kh1
Qe1+ 28. Kg2 Qd2+ 29. Kh1 Qc1+ 30. Kg2 Qxb2+ 31. Kh1 Qc1+ 32. Kg2 Qd2+ 33. Kh1
Qe1+ 34. Kg2 Qg3+ 0-1

[Event "Vivy master tournament"]

[Site "Vivy"]

[Date "1987.12.??"]
[Round "3"]

[White "Bolzoni, Victor-Angel"]

[Black "Belkhodja, Slim"]

[Result "1-0"]


[WhiteElo "2262"]

[BlackElo "2375"]
[BlackTitle "FM"]

[PlyCount "105"]



1. e4 c5 2. Nf3 e6 3. d4 cxd4 4. Nxd4 Nc6 5. Nc3 d6 6. Be2 Nf6 7. O-O Be7 8.
Be3 O-O 9. f4 a6 10. a4 Qc7 11. Nb3 b6 12. Bf3 Rb8 13. Qd2 Na5 14. Qe2 Re8 15.
g4 Bf8 16. g5 Nd7 17. Bg2 Nc4 18. Bc1 Bb7 19. Rf3 d5 20. Rh3 g6 21. e5 b5 22.
axb5 axb5 23. Nxb5 Qb6+ 24. N5d4 Ra8 25. Rxa8 Rxa8 26. Qf2 Nc5 27. Bf1 Nxb3 28.
Rxb3 Qc7 29. Bd2 Ra1 30. Kg2 Bc5 31. Bc3 Bc8 32. Rb5 Bd7 33. b3 Rxf1 34. Kxf1
Bxb5 35. Nxb5 Qb6 36. Nd4 Na3 37. Bb2 Nxc2 38. Qxc2 Bxd4 39. Bc1 Kg7 40. Kg2
Be3 41. Ba3 Qb7 42. Kg3 d4 43. Qc5 Qa8 44. Bb4 Bg1 45. h4 Be3 46. Qd6 Bc1 47.
Bc5 Bb2 48. b4 Bc3 49. b5 Be1+ 50. Kh2 d3 51. b6 Bd2 52. b7 Bxf4+ 53. Kh3 1-0

[Event "Vivy master tournament"]

[Site "Vivy"]
[Source "Tournament booklet"]
[Date "1987.12.??"]

[Round "3"]

[White "Sinkovics, Péter"]

[Black "Lautier, Joël"]

[Result "1/2-1/2"]


[WhiteElo "2345"]

[WhiteTitle "IM"]
[BlackElo "2290"]
[BlackTitle "FM"]

[PlyCount "111"]



1. d4 Nf6 2. Nf3 e6 3. c4 b6 4. g3 Ba6 5. b3 Bb4+ 6. Bd2 Be7 7. Bg2 Bb7 8. Nc3
d5 9. cxd5 exd5 10. O-O O-O 11. Rc1 Nbd7 12. Bf4 a6 13. Qc2 Rc8 14. Qb2 c5 15.
Rfd1 Re8 16. dxc5 Bxc5 17. Nd4 Qe7 18. Nf5 Qf8 19. Nb1 Re6 20. a3 a5 21. Rc2
Qe8 22. e3 Qd8 23. Rdc1 Qf8 24. h3 Ba6 25. Rd2 Rec6 26. Rcd1 Bb7 27. g4 h6 28.
Kh2 Re6 29. Nd4 Bxd4 30. Rxd4 Nc5 31. Nc3 Nce4 32. Nxe4 Nxe4 33. b4 axb4 34.
axb4 Qe8 35. b5 Qf8 36. R4d3 Qc5 37. f3 Nd6 38. Bxd6 Qxd6+ 39. Kh1 Qc5 40. Qb3
Rce8 41. Re1 Qe7 42. Rc1 h5 43. Qa3 Qh4 44. Qa7 hxg4 45. fxg4 R8e7 46. Qb8+ Kh7
47. Kh2 d4 48. Bxb7 Rxe3 49. Rxe3 dxe3 50. Qf4 e2 51. Be4+ g6 52. Qf3 Rxe4 53.
Qxe4 Qf2+ 54. Kh1 Qf1+ 55. Kh2 Qf2+ 56. Kh1 1/2-1/2

[Event "Vivy master tournament"]

[Site "Vivy"]

[Date "1987.12.??"]

[Round "3"]

[White "Hergott, Deen"]

[Black "Apicella, Manuel"]

[Result "1/2-1/2"]


[WhiteElo "2305"]

[BlackElo "2295"]

[PlyCount "43"]



1. d4 Nf6 2. Nf3 g6 3. c4 Bg7 4. Nc3 O-O 5. e4 d6 6. Be2 e5 7. O-O Nbd7 8. Qc2
exd4 9. Nxd4 c6 10. Bf4 Qe7 11. Rad1 Re8 12. Rfe1 a5 13. h3 Ne5 14. Bg3 g5 15.
Qd2 h6 16. b3 Bf8 17. Qc2 Qc7 18. Rd2 Nfd7 19. Bg4 Nxg4 20. hxg4 Ne5 21. f3 Bd7
22. Bf2 1/2-1/2

[Event "Vivy master tournament"]

[Site "Vivy"]
[Source "Tournament booklet"]
[Date "1987.12.??"]

[Round "3"]

[White "Geenen, Marc"]

[Black "Pirisi, Gábor"]

[Result "1-0"]


[WhiteElo "2295"]

[BlackElo "2365"]

[BlackTitle "IM"]
[PlyCount "47"]



1. e4 c5 2. Nf3 d6 3. d4 cxd4 4. Nxd4 Nf6 5. Nc3 g6 6. Be3 Bg7 7. f3 Nc6 8. Qd2
O-O 9. Bc4 Bd7 10. h4 Rc8 11. Bb3 h5 12. O-O-O Ne5 13. Bg5 Rc5 14. g4 hxg4 15.
f4 Nc4 16. Qd3 b5 17. e5 Nh5 18. exd6 f6 19. Ncxb5 fxg5 20. Bxc4+ Kh8 21. hxg5
Rxf4 22. Qxg6 Rxc4 23. Rxh5+ Kg8 24. Rdh1 1-0

[Event "Vivy master tournament"]

[Site "Vivy"]

[Date "1987.12.??"]

[Round "4"]
[White "Apicella, Manuel"]

[Black "Sinkovics, Péter"]

[Result "1-0"]


[WhiteElo "2295"]

[BlackElo "2345"]

[BlackTitle "IM"]
[PlyCount "43"]



1. e4 e6 2. d4 d5 3. Nc3 Bb4 4. e5 c5 5. a3 Bxc3+ 6. bxc3 Ne7 7. Nf3 Bd7 8. a4
Qa5 9. Qd2 Nbc6 10. Bd3 f6 11. O-O fxe5 12. dxe5 c4 13. Be2 Ng6 14. Ba3 Ncxe5
15. Nxe5 Nxe5 16. Qg5 Nc6 17. Bh5+ g6 18. Qf6 Rg8 19. Rae1 Rc8 20. Rxe6+ Bxe6
21. Qxe6+ Kd8 22. Qd6+ 1-0

[Event "Vivy master tournament"]

[Site "Vivy"]

[Date "1987.12.??"]

[Round "4"]

[White "Pirisi, Gábor"]

[Black "Boutquin, Pierre"]

[Result "1-0"]


[WhiteElo "2365"]

[WhiteTitle "IM"]
[BlackElo "2175"]

[PlyCount "111"]



1. e4 c5 2. Nf3 e6 3. d4 cxd4 4. Nxd4 Nf6 5. Nc3 d6 6. g4 h6 7. Be3 Nc6 8. Rg1
a6 9. Qe2 Nxd4 10. Bxd4 e5 11. Be3 Be6 12. h4 g6 13. O-O-O Rc8 14. Bd2 Bc4 15.
Qf3 b5 16. b3 Be6 17. g5 Nh5 18. Bh3 Bxh3 19. Qxh3 Qc7 20. Qd3 Nf4 21. Bxf4
Qxc3 22. Qxc3 Rxc3 23. Be3 h5 24. Rd5 Be7 25. Kd2 Rc6 26. Rc1 O-O 27. c4 bxc4
28. Rxc4 Rxc4 29. bxc4 Rc8 30. Kd3 Rc6 31. f4 f6 32. f5 fxg5 33. hxg5 Kf7 34.
f6 Bd8 35. c5 Bc7 36. Kc4 Ke6 37. Rd1 Bb6 38. f7 Kxf7 39. Kd5 Rxc5+ 40. Bxc5
Bxc5 41. Rf1+ Kg7 42. Ke6 Be3 43. Rf7+ Kg8 44. Kf6 Bxg5+ 45. Kxg6 Be3 46. Rd7
Kf8 47. Rxd6 h4 48. Rxa6 Ke7 49. Ra8 Bf2 50. Rh8 Kd6 51. Kf5 Bg3 52. Kg4 Kc5
53. Rb8 Kd4 54. Rb5 Kc4 55. a4 h3 56. Rd5 1-0

[Event "Vivy master tournament"]

[Site "Vivy"]

[Date "1987.12.??"]

[Round "4"]

[White "Bolzoni, Victor-Angel"]

[Black "Geenen, Marc"]

[Result "1/2-1/2"]


[WhiteElo "2262"]

[BlackElo "2295"]

[PlyCount "28"]



1. e4 e5 2. Nf3 Nc6 3. Bc4 Nf6 4. d3 Be7 5. O-O d6 6. c3 O-O 7. Re1 h6 8. Nbd2
Nh7 9. b4 a6 10. a4 Ng5 11. Nxg5 Bxg5 12. Qh5 Kh7 13. Nf1 Bxc1 14. Raxc1 Be6
1/2-1/2

[Event "Vivy master tournament"]

[Site "Vivy"]

[Date "1987.12.??"]

[Round "4"]

[White "Belkhodja, Slim"]

[Black "Lautier, Joël"]

[Result "0-1"]


[WhiteElo "2375"]

[WhiteTitle "FM"]
[BlackElo "2290"]
[BlackTitle "FM"]

[PlyCount "66"]



1. e4 c5 2. Nf3 d6 3. d4 cxd4 4. Nxd4 Nf6 5. Nc3 a6 6. Bd3 e5 7. Nde2 Be6 8.
O-O Nbd7 9. f4 Rc8 10. Kh1 Be7 11. Ng3 O-O 12. f5 Bc4 13. Nh5 d5 14. exd5 Nxh5
15. Qxh5 Nf6 16. Qe2 Bxd5 17. Qxe5 Bd6 18. Qd4 Bc5 19. Qh4 Bc6 20. Bg5 Bd4 21.
Rad1 Qb6 22. Ne2 Be5 23. b3 Rfe8 24. Ng3 Rcd8 25. Nh5 Rd4 26. Nxf6+ gxf6 27.
Bf4 Kh8 28. Qh6 Rxf4 29. Rxf4 Qe3 30. Rdf1 Qd2 31. Be4 Bxe4 32. R1f2 Qe3 33.
Rf1 Rg8 0-1

[Event "Vivy master tournament"]

[Site "Vivy"]

[Date "1987.12.??"]

[Round "4"]

[White "Portisch, Ferenc"]

[Black "Hergott, Deen"]

[Result "1-0"]


[WhiteElo "2445"]

[WhiteTitle "IM"]
[BlackElo "2305"]

[Annotator "Surmont,Yves"]

[PlyCount "63"]



1. d4 Nf6 2. c4 e6 3. Nc3 Bb4 4. e3 b6 5. Bd3 Bb7 6. Nf3 Ne4 7. Qc2 f5 8. O-O
Bxc3 9. bxc3 O-O 10. Ne1 c5 11. f3 Nf6 12. Qe2 Nc6 13. Nc2 Nh5 14. e4 f4 15. e5
Ne7 16. Be4 Bxe4 17. fxe4 Qe8 18. Qg4 Rc8 19. Na3 Qg6 20. Qxg6 Nxg6 21. Bd2 d6
22. exd6 e5 23. Rae1 a6 24. g4 fxg3 25. Rxf8+ Rxf8 26. hxg3 Nxg3 27. Nc2 Nh4
28. dxe5 Nf3+ 29. Kg2 Nxe1+ 30. Kxg3 Nf3 31. Bf4 g5 32. e6 {Black lost on time.}
1-0

[Event "Vivy master tournament"]

[Site "Vivy"]

[Date "1987.12.??"]
[Round "5"]

[White "Hergott, Deen"]

[Black "Pirisi, Gábor"]

[Result "1/2-1/2"]

[WhiteElo "2305"]

[BlackElo "2365"]

[BlackTitle "IM"]
[PlyCount "20"]


1. g3 g6 2. Bg2 Bg7 3. c4 d6 4. Nc3 Nf6 5. Nf3 O-O 6. O-O c5 7. d4 Nc6 8. dxc5
dxc5 9. Be3 Be6 10. Bxc5 Qa5 1/2-1/2

[Event "Vivy master tournament"]

[Site "Vivy"]

[Date "1987.12.??"]

[Round "5"]
[White "Sinkovics, Péter"]

[Black "Portisch, Ferenc"]

[Result "1/2-1/2"]


[WhiteElo "2345"]
[WhiteTitle "IM"]

[BlackElo "2445"]

[WhiteTitle "IM"]
[PlyCount "25"]



1. d4 d5 2. c4 c6 3. cxd5 cxd5 4. Nc3 Nc6 5. Nf3 Nf6 6. Bf4 Bf5 7. e3 e6 8. Bd3
Bxd3 9. Qxd3 Bd6 10. Bxd6 Qxd6 11. O-O O-O 12. h3 h6 13. a3 1/2-1/2

[Event "Vivy master tournament"]

[Site "Vivy"]

[Date "1987.12.??"]

[Round "5"]

[White "Boutquin, Pierre"]

[Black "Bolzoni, Victor-Angel"]

[Result "1-0"]


[WhiteElo "2175"]

[BlackElo "2262"]

[PlyCount "87"]



1. d4 Nf6 2. Bg5 e6 3. e4 d6 4. Nc3 Nbd7 5. Nf3 h6 6. Be3 c6 7. a4 Be7 8. h3
Qc7 9. Bc4 b6 10. Qe2 a6 11. O-O Bb7 12. Bb3 O-O 13. Rad1 Rfc8 14. d5 cxd5 15.
exd5 exd5 16. Nxd5 Bxd5 17. Bxd5 Nxd5 18. Rxd5 Qxc2 19. Rd2 Qxa4 20. Bxh6 Re8
21. Rd4 Qc6 22. Re4 Ne5 23. Nxe5 dxe5 24. Rxe5 Bf6 25. Rxe8+ Rxe8 26. Be3 b5
27. Qd2 Re4 28. Rc1 Qe6 29. Qc2 Rc4 30. Qd2 Re4 31. Qc2 g6 32. Qc8+ Kg7 33.
Qxe6 Rxe6 34. b4 Bb2 35. Rb1 Be5 36. Bc5 Rc6 37. Re1 Bc3 38. Rc1 Bxb4 39. Bd4+
Rf6 40. Rc6 Be7 41. Rxa6 b4 42. h4 b3 43. g4 b2 44. Bxb2 1-0

[Event "Vivy master tournament"]

[Site "Vivy"]

[Date "1987.12.??"]

[Round "5"]

[White "Lautier, Joël"]

[Black "Apicella, Manuel"]

[Result "1-0"]


[WhiteElo "2290"]

[WhiteTitle "FM"]
[BlackElo "2295"]

[PlyCount "73"]



1. d4 Nf6 2. c4 d6 3. Nc3 e5 4. Nf3 e4 5. Nd2 Qe7 6. e3 g6 7. Be2 Bg7 8. g4 h6
9. Rg1 O-O 10. h4 g5 11. hxg5 hxg5 12. Nf1 c5 13. Ng3 Nc6 14. Nf5 Qd8 15. Nxg7
Kxg7 16. b3 Rh8 17. Bb2 cxd4 18. exd4 Rh6 19. Qd2 Rg6 20. d5 Ne5 21. Qd4 Bd7
22. c5 Qh8 23. cxd6 Qh2 24. Rg3 Re8 25. O-O-O Kg8 26. Kb1 Nfxg4 27. Nxe4 Bf5
28. Bxg4 Nxg4 29. Rxg4 Bxg4 30. Nf6+ Rxf6 31. Qxf6 Qh7+ 32. Ka1 Kf8 33. Rg1 Re4
34. Qd8+ Re8 35. Qxg5 Re4 36. d7 Bxd7 37. Ba3+ 1-0

[Event "Vivy master tournament"]

[Site "Vivy"]

[Date "1987.12.??"]

[Round "6"]

[White "Pirisi, Gábor"]

[WhiteTitle "IM"]
[Black "Sinkovics, Péter"]

[WhiteTitle "IM"]
[Result "1/2-1/2"]


[WhiteElo "2365"]

[BlackElo "2345"]

[PlyCount "30"]



1. e4 e6 2. f4 d5 3. e5 c5 4. Nf3 Nc6 5. Bb5 Bd7 6. O-O Nh6 7. d3 Be7 8. c4 d4
9. Nbd2 a6 10. Ba4 b5 11. cxb5 axb5 12. Bxb5 Nxe5 13. fxe5 Bxb5 14. Ne4 Nf5 15.
Nfg5 O-O 1/2-1/2

[Event "Vivy master tournament"]

[Site "Vivy"]
[Source "Tournament booklet"]
[Date "1987.12.??"]

[Round "6"]

[White "Portisch, Ferenc"]

[Black "Lautier, Joël"]

[Result "1/2-1/2"]


[WhiteElo "2445"]

[WhiteTitle "IM"]
[BlackElo "2290"]

[WhiteTitle "FM"]
[PlyCount "37"]



1. d4 Nf6 2. c4 e6 3. Nc3 Bb4 4. e3 c5 5. Bd3 Nc6 6. Nge2 cxd4 7. exd4 d5 8.
cxd5 Qxd5 9. O-O Qd8 10. Bg5 Be7 11. Qd2 O-O 12. Rad1 Nd5 13. Bxe7 Ncxe7 14.
Nf4 b6 15. Nfxd5 Nxd5 16. Qc2 h6 17. Nxd5 exd5 18. Rfe1 Bg4 19. Be2 1/2-1/2

[Event "Vivy master tournament"]

[Site "Vivy"]

[Date "1987.12.??"]

[Round "6"]

[White "Bolzoni, Victor-Angel"]

[Black "Hergott, Deen"]

[Result "0-1"]


[WhiteElo "2262"]

[BlackElo "2305"]


[PlyCount "153"]


1. e4 e6
2. d4 d5 3. Nc3 Nf6 4. Bg5 Bb4 5. Nge2 dxe4 6. a3 Be7 7. Bxf6 gxf6 8. Nxe4 b6
9. Qd3 f5 10. Nd2 Bb7 11. O-O-O Nd7 12. Nc3 Nf6 13. f3 Nd5 14. Nxd5 Qxd5 15.
Qb5+ Qxb5 16. Bxb5+ c6 17. Bc4 O-O-O 18. Nb3 Bg5+ 19. Kb1 Be3 20. Rhe1 f4 21.
c3 Rhg8 22. Bf1 c5 23. dxc5 Bf2 24. Rxd8+ Rxd8 25. Rc1 Be3 26. Re1 bxc5 27. Kc2
Bd5 28. c4 Bc6 29. Rd1 Rxd1 30. Kxd1 Ba4 31. Kc2 Bd4 32. Be2 Kc7 33. Bd1 Kd6
34. Kc1 Be3+ 35. Kc2 Bg1 36. Kc1 Be3+ 37. Kc2 f6 38. h3 Bd4 39. Kc1 Be3+ 40.
Kc2 f5 41. Kd3 e5 42. Bc2 e4+ 43. Ke2 Ke5 44. Kd1 Be8 45. Na5 Kd4 46. Nb7 exf3
47. gxf3 Bc6 48. Nd6 Bxf3+ 49. Ke1 Bc1 50. Nxf5+ Ke5 51. Kf2 Be4 52. Bxe4 Kxe4
53. Nd6+ Ke5 54. Nb5 a6 55. Nc7 a5 56. b3 Ke4 57. Ne6 Be3+ 58. Kf1 Kd3 59. Nd8
Kc3 60. Nb7 Kxb3 61. Nxa5+ Kxa3 62. Nb7 Kb4 63. Nd6 Bd4 64. Ke2 Kc3 65. Kf3 Be5
66. Nf7 Bb8 67. Ng5 h6 68. Nf7 h5 69. Ng5 Kxc4 70. Ne6 Kb4 71. Ke4 c4 72. Nd4
Ka3 73. Nb5+ Kb3 74. Nd4+ Kb2 75. Nc6 c3 76. Nb4 c2 77. Nd3+ 0-1

[Event "Vivy master tournament"]

[Site "Vivy"]

[Date "1987.12.??"]

[Round "6"]

[White "Geenen, Marc"]

[Black "Boutquin, Pierre"]

[Result "1/2-1/2"]


[WhiteElo "2295"]

[BlackElo "2175"]


[PlyCount "43"]


 1. e4  e6
2. d4 d5 3. Nd2 Nf6 4. e5 Nfd7 5. Bd3 c5 6. c3 Nc6 7. Ne2 cxd4 8. cxd4 Qb6 9.
Nf3 f6 10. O-O fxe5 11. dxe5 Ncxe5 12. Nxe5 Nxe5 13. Nf4 Nf7 14. Re1 Be7 15.
Be3 Qd6 16. Rc1 Bd7 17. Nxe6 Bxe6 18. Bc5 Qd7 19. Bxe7 Kxe7 20. Bf5 Nd8 21. Qg4
g6 22. Bxe6 1/2-1/2

[Event "Vivy master tournament"]

[Site "Vivy"]

[Date "1987.12.??"]

[Round "7"]

[White "Lautier, Joël"]

[Black "Pirisi, Gábor"]

[Result "1-0"]


[WhiteElo "2290"]

[WhiteTitle "FM"]
[BlackElo "2365"]

[WhiteTitle "IM"]
[PlyCount "75"]



1. d4 Nf6 2. c4 g6 3. Nc3 Bg7 4. e4 O-O 5. Be2 d6 6. Nf3 e5 7. O-O Nc6 8. d5
Ne7 9. Ne1 Nd7 10. f3 f5 11. g4 Kh8 12. Kh1 f4 13. h4 Ng8 14. Ng2 Bf6 15. Qe1
Be7 16. Bd2 Nh6 17. Qf2 Rg8 18. b4 Nf6 19. g5 Nh5 20. Nxf4 exf4 21. Qd4+ Nf6
22. Bxf4 Nf7 23. Bh2 Rg7 24. gxf6 Bxf6 25. Qe3 Bxh4 26. f4 Qe7 27. e5 Bf5 28.
Qd4 Nh6 29. c5 Ng4 30. cxd6 cxd6 31. Bxg4 Bxg4 32. Ne4 Rc8 33. Rac1 Rxc1 34.
Rxc1 g5 35. f5 Bxf5 36. e6 h6 37. Rc8+ Kh7 38. Bxd6 1-0